Evaluación de riesgos con un enfoque amplio (Registro nro. 12844)

Detalles MARC
000 -LEADER
fixed length control field 00318 a2200109 4500
001 - CONTROL NUMBER
control field ART_58054
005 - DATE AND TIME OF LATEST TRANSACTION
control field 20260410161635.0
008 - FIXED-LENGTH DATA ELEMENTS--GENERAL INFORMATION
fixed length control field 260409a
100 1# - MAIN ENTRY--PERSONAL NAME
Personal name D´Onofrio, Paula Alejandra
245 10 - TITLE STATEMENT
Title Evaluación de riesgos con un enfoque amplio
773 0# - HOST ITEM ENTRY
Title Enfoques
Related parts - N° 3 (mar. 2023)
Record control number REV416

No hay ítems disponibles.